Business communication for managers : an advanved approach

Bibliographic Details
Main Authors: Penrose, John M. (Author), Myers, Robert J. , 1946- (Author), Rasberry, Robert W. (Author)
Format: Book
Published: Mason, Ohio : Thomson/South-Western , c2004
Edition:5th ed
Subjects:

MARC

LEADER 00000cam a2200000 7i4500
001 0000047721
005 20190214093000.0
008 041017s2004
020 |a 032418669X 
090 0 0 |a HF5718   |b .P43 2004 
100 0 |a Penrose, John M. ,   |e author 
245 1 0 |a Business communication for managers :   |b an advanved approach   |c John M. Penrose, Robert W. Rasberry, Robert J. Myers 
250 |a 5th ed 
260 2 |a Mason, Ohio :   |b Thomson/South-Western ,   |c c2004 
300 |a x, 470 p. :   |b ill. ;   |c 24 cm. 
504 |a Includes bibliographical references and index 
650 0 |a Business communication 
700 1 |a Myers, Robert J. ,   |d 1946- ,   |e author 
700 1 |a Rasberry, Robert W. ,   |e author 
999 |a 1000099919   |b Book   |c OPEN SHELF (30 DAYS)   |e Gong Badak Campus